Normal view MARC view
  • Ume Hani Malik

Entry Personal Name

Number of records used in: 2

001 - CONTROL NUMBER

  • control field: 34482

003 - CONTROL NUMBER IDENTIFIER

  • control field: NUST

005 - DATE AND TIME OF LATEST TRANSACTION

  • control field: 20201023160802.0

008 - FIXED-LENGTH DATA ELEMENTS

  • fixed length control field: 201023|| aca||aabn | a|a d

040 ## - CATALOGING SOURCE

  • Original cataloging agency: NUST
  • Transcribing agency: NUST

100 ## - HEADING--PERSONAL NAME

  • Personal name: Ume Hani Malik

670 ## - SOURCE DATA FOUND

  • Source citation: Work cat.: (NUST): Ume Hani Malik, Use of Adaptive Filters for Three Phase Distorted Grid Connected Systems/, 2016.
© 2023 Central Library, National University of Sciences and Technology. All Rights Reserved.